000 00810nam a2200217 4500
001 122053
003 ES-MaACL
005 20230906191910.0
007 t|
008 070214s1977 sp r ||||1| spa d
245 0 3 _aLa potestad de orden en los primeros siglos /
_cJosé Capmany Casamitjana [et. al.].
260 _aBurgos :
_bAldecoa,
_c1977.
300 _aXXVII, 431 p. ;
_c22 cm.
490 1 _aTeología del sacerdocio
500 _aPrecede al Tit :Facultad Teológica del Norte de España, Sede de Burgos, Instituto Juan de Avila.
700 1 _aCapmany, José (
_d1920-1995)
_934864
710 2 _aFacultad Teológica del Norte de España.
_bInstituto Juan de Avila (
_cBurgos)
_94077
830 0 _aTeología del sacerdocio
_9186553
852 _aES-MaACL
_jA-7350
_bR.96347
999 _c122053
_d122053